00277nam a22000857a 4500008004100000082002000041245007700061260004400138300000900182230620b xxu||||| |||| 00| 0 eng d a320.3bIPU 1976 aQui Legifere Dans Le Monde Moderne?bWho Legislates in the Modern World? aGenevabInter-Parliamentary Unionc1976 a280p